| 000 | 00937nam a2200265 a 4500 | ||
|---|---|---|---|
| 999 |
_c9857 _d9857 |
||
| 001 | 9857 | ||
| 003 | BD - JhCC | ||
| 005 | 20180402104146.0 | ||
| 008 | 941026s1963 enka eb 001 0 eng d | ||
| 035 |
_aCURL 020000144812(Edi) from jvsc015 _a(BD - JhCC)9857 |
||
| 040 |
_aTJC _cTJC _dEUX _dBD - JhCC |
||
| 041 | _aeng | ||
| 082 | _bENC 1963 | ||
| 245 | 0 | 0 |
_aEncyclopaedia of modern architecture / _cgeneral editor, Gerd Hatje ; edited by Wolfgang Pehnt ; contributors, Kyösti Alander ... [et al.] |
| 260 |
_aLondon : _bThames and Hudson, _c1963. |
||
| 300 |
_a336 p. : _bill. ; _c22 cm |
||
| 500 | _aOriginally published as: Knaurs Lexikon der modernen Architektur. Munich : Knaur, 1963 | ||
| 504 | _aIncludes index and bibliography | ||
| 650 | 0 |
_aArchitecture, Modern _y20th century _vDictionaries |
|
| 700 | 1 | _aHatje, Gerd. | |
| 700 | 1 | _aPehnt, Wolfgang. | |
| 830 | 0 | _aWorld of art library | |
| 942 |
_2ddc _cBK |
||